000
00412nam a2200145Ia 4500
008
100204s9999 xx 000 0 und d
082
_b
5024
100
_a
गोगटे शकुंतला
245
_a
सुकृत
260
_b
"उदयदीप प्रकाशन , मुंबई"
_c
1982
300
_a
268
630
_a
सुकृत
730
_a
सुकृत
942
_c
BOOK
999
_c
449675
_d
449672